000
00282nam a2200109Ia 4500
008
200302s9999 xx 000 0 und d
100
_a
A. K. Lal
245
_a
Hand Book of Low Cost Housing
260
_b
New Age International Pvt. Ltd. Publishers
260
_c
2008
300
_a
172 P.,
999
_c
5723
_d
5723